000
00321nam a22001457a 4500
003
SGT
020
_a
81-7080-241-5
082
_a
615.53
_b
L13S
100
_a
SRINIVASUTU,M
245
_a
LAGHUTRAYI PRASNAVALI
260
_a
VARANASI
_b
CHAUKHAMBA PUB
_c
2013
300
_a
373
650
_a
AYURVEDA PUB
942
_2
ddc
_c
BK
_0
1
999
_c
16537
_d
16537